| Tag |
First Indicator |
Second Indicator |
Subfields |
| LEADER |
00000cam a2200000 a 4500 |
| 001 |
in00002058521 |
| 006 |
m d f |
| 007 |
cr bn||||||||| |
| 008 |
050718s1998 dcu sb f000 0 eng c |
| 005 |
20230331150011.7 |
| 035 |
|
|
|a (OCoLC)ocm61043050
|
| 035 |
|
|
|a in00002058521
|
| 040 |
|
|
|a GPO
|c GPO
|d MvI
|d UtOrBLW
|
| 042 |
|
|
|a pcc
|
| 043 |
|
|
|a n-us---
|
| 049 |
|
|
|a WWW
|
| 074 |
|
|
|a 1002-A (online)
|
| 074 |
|
|
|a 1002-B (online)
|
| 086 |
0 |
|
|a Y 4.T 19/4:IN 6
|
| 088 |
|
|
|a JCX-6-98
|
| 245 |
0 |
0 |
|a Present law and background relating to tax treatment of "innocent spouses" :
|b scheduled for a public hearing before the Senate Committee on Finance on February 11, 1998 /
|c prepared by the staff of the Joint Committee on Taxation.
|
| 264 |
|
1 |
|a [Washington, D.C.] :
|b [Joint Committee on Taxation],
|c [1998]
|
| 336 |
|
|
|a text
|b txt
|2 rdacontent
|
| 337 |
|
|
|a computer
|b c
|2 rdamedia
|
| 338 |
|
|
|a online resource
|b cr
|2 rdacarrier
|
| 538 |
|
|
|a Mode of access: Internet from the JCT web site. Address as of 7/18/05: http://www.house.gov/jct/x-6-98.htm; current access available via PURL.
|
| 500 |
|
|
|a Title from title screen (viewed on July 18, 2005).
|
| 500 |
|
|
|a "February 9, 1998."
|
| 504 |
|
|
|a Includes bibliographical references.
|
| 500 |
|
|
|a "JCX-6-98."
|
| 500 |
|
|
|a Electronic resource.
|
| 650 |
|
0 |
|a Husband and wife
|x Taxation
|z United States.
|
| 650 |
|
0 |
|a Income tax
|x Joint returns
|z United States.
|
| 650 |
|
0 |
|a Correality and solidarity
|z United States.
|
| 710 |
1 |
|
|a United States.
|b Congress.
|b Joint Committee on Taxation.
|
| 856 |
4 |
0 |
|u https://purl.fdlp.gov/GPO/LPS61426
|t 0
|
| 999 |
|
|
|a MARS
|
| 999 |
f |
f |
|i 353fc7f0-490e-39a3-b05b-eaef591cc19b
|s 6fcd406e-653e-3da6-918b-68073d5f2654
|t 0
|
| 952 |
f |
f |
|a Texas A&M University
|b College Station
|c Electronic Resources
|d Available Online
|t 0
|e Y 4.T 19/4:IN 6
|h Superintendent of Documents classification
|
| 998 |
f |
f |
|a Y 4.T 19/4:IN 6
|t 0
|l Available Online
|